000 00638nam a2200229Ia 4500
001 14679
003 GE_BSU
008 181216s||||||||xx |||||||||||||| ||und||
040 _cGE_BSU
080 _a821.353.1-31
100 _aქიაჩელი,ლეო
245 _aტარიელ გოლუა.
245 _bრომანი
245 _cრედ.გ.ზაუტაშვილი
260 _aთბილისი
260 _bსახელგამი
260 _c1937
300 _a143გვ.22სმ.
653 _aრომანი
653 _aტარიელ გოლუა.
942 _cBK
999 _c47805
_d47805